Catálogo
 En Linea

First in his class : a biography of Bill Clinton. (Registro nro. 33542)

Detalles MARC
000 -CABECERA
campo de control de longitud fija 00288nam a2200109 a 4500
005 - FECHA Y HORA DE LA ÚLTIMA TRANSACCIÓN
campo de control 20200930070731.0
008 - DATOS DE LONGITUD FIJA--INFORMACIÓN GENERAL
campo de control de longitud fija 110921s1995 000 spa d
020 ## - NÚMERO INTERNACIONAL ESTÁNDAR DEL LIBRO
Número Internacional Estándar del Libro 0671871099
040 ## - FUENTE DE LA CATALOGACIÓN
Centro catalogador/agencia de origen DO-SdBNP
245 #0 - MENCIÓN DE TÍTULO
Título First in his class : a biography of Bill Clinton.
260 ## - PUBLICACIÓN, DISTRIBUCIÓN, ETC.
Lugar de publicación, distribución, etc. New York,
Fecha de publicación, distribución, etc. 1995.

No hay ítems disponibles.

Con tecnología Koha